[Event "Moscow Open A 2015"]
[Site "Moscow RUS"]
[Date "2015.02.05"]
[Round "6.11"]
[White "Lysyj, Igor"]
[Black "Firat, Burak"]
[Result "1-0"]
[WhiteTitle "GM"]
[BlackTitle "IM"]
[WhiteElo "2700"]
[BlackElo "2486"]
[WhiteFideId "4150120"]
[BlackFideId "6305881"]
[EventDate "2015.01.31"]

1. d4 d5 2. c4 c6 3. Nf3 Nf6 4. e3 Bf5 5. Nc3 e6 6. Nh4 Be4 7. f3 Bg6 8. g3 Be7
9. Nxg6 hxg6 10. Kf2 O-O 11. Qb3 Qd7 12. Be2 c5 13. dxc5 Bxc5 14. Rd1 Rd8 15.
Kg2 Nc6 16. Bd2 Na5 17. Qb5 Qxb5 18. cxb5 Nc4 19. Bxc4 dxc4 20. Na4 Rac8 21. e4
Bd4 22. Ba5 b6 23. Bb4 Ne8 24. Rac1 e5 25. Nc3 Nc7 26. a4 a6 27. bxa6 Nxa6 28.
Be7 Rd7 29. Ba3 Nc7 30. f4 Rdd8 31. Ne2 b5 32. Kf3 Ra8 33. axb5 Nxb5 34. Rxc4
Nxa3 35. bxa3 Rxa3+ 36. Kg4 Re3 37. Nxd4 exd4 38. Rcxd4 Rxd4 39. Rxd4 f6 40. Kh4
Re2 41. Kh3 Kf7 42. Ra4 Kg8 43. g4 g5 44. fxg5 fxg5 45. Kg3 Kf7 46. h4 gxh4+ 47.
Kxh4 Kg6 48. Kg3 Re1 49. Ra6+ Kg5 50. Ra5+ Kf6 51. Rf5+ Ke6 52. Kf4 Re2 53. Ra5
Kf6 54. Ra6+ Kf7 55. Kf5 Rf2+ 56. Kg5 Rb2 57. Ra7+ Kf8 58. e5 Rb6 59. Rd7 Ra6
60. Rd6 Ra1 61. Kg6 Re1 62. e6 Re5 63. g5 Ke7 64. Rd7+ Ke8 65. Ra7 Kf8 66. Rf7+
Ke8 67. Rf5 Rxe6+ 68. Kxg7 Re7+ 69. Kh6 Re1 70. g6 Ke7 71. g7 Rh1+ 72. Kg6 Rg1+
73. Kh7 Rh1+ 74. Kg8 Rg1 75. Rf2 Re1 76. Rh2 1-0

[Event "Moscow Open A 2015"]
[Site "Moscow RUS"]
[Date "2015.02.05"]
[Round "6.12"]
[White "Pavlov, Sergey2"]
[Black "Korobov, Anton"]
[Result "0-1"]
[WhiteTitle "IM"]
[BlackTitle "GM"]
[WhiteElo "2493"]
[BlackElo "2687"]
[WhiteFideId "14114330"]
[BlackFideId "14105730"]
[EventDate "2015.01.31"]

1. c4 e6 2. Nc3 d5 3. d4 c6 4. e3 Nd7 5. Qc2 Ngf6 6. Nf3 Bd6 7. b3 O-O 8. Bb2 b6
9. Bd3 Bb7 10. O-O c5 11. cxd5 exd5 12. Nb5 Be7 13. Ne5 a6 14. Nc3 cxd4 15. exd4
Bd6 16. Rfe1 Re8 17. Nf3 Rxe1+ 18. Rxe1 b5 19. Ne5 Nf8 20. Ne2 Rc8 21. Qb1 Qa5
22. Ng3 g6 23. Bf1 h5 24. Re3 Ne4 25. Nxe4 dxe4 26. d5 f5 27. Qd1 Qxa2 28. Re2
Qa5 29. Nc6 Qb6 30. Qd2 Bxc6 31. dxc6 Qxc6 32. Qh6 Kf7 33. Re1 Qd5 34. Ra1 Ra8
35. Rc1 Be5 36. Bxe5 Qxe5 37. Rc6 Ne6 38. g3 Ra7 39. Be2 Qg7 40. Qe3 Nd4 41. Rd6
Nxe2+ 42. Qxe2 Kg8 43. Qa2 Kh7 44. Rxa6 Rd7 45. Qa5 e3 46. fxe3 Qe5 47. Kf2 Rd1 0-1

[Event "Moscow Open A 2015"]
[Site "Moscow RUS"]
[Date "2015.02.05"]
[Round "6.13"]
[White "Potapov, Pavel"]
[Black "Alekseev, Evgeny"]
[Result "0-1"]
[WhiteTitle "IM"]
[BlackTitle "GM"]
[WhiteElo "2474"]
[BlackElo "2679"]
[WhiteFideId "4169786"]
[BlackFideId "4138147"]
[EventDate "2015.01.31"]

1. e4 c6 2. d4 d5 3. e5 Bf5 4. h4 h5 5. Bd3 Bxd3 6. Qxd3 e6 7. Bg5 Be7 8. Nf3
Nh6 9. Nc3 Nf5 10. Ne2 c5 11. c3 cxd4 12. cxd4 Qa5+ 13. Bd2 Qa6 14. Qxa6 Nxa6
15. O-O-O Kd7 16. Bg5 Rhc8+ 17. Kb1 Bf8 18. Rh3 Rc4 19. Ng3 Nxg3 20. Rxg3 Rac8
21. Be3 Ke8 22. Rh3 Nb4 23. Ne1 a5 24. Rh1 a4 25. a3 Nc6 26. Nf3 Na5 27. Nd2
R4c6 28. Rc1 Be7 29. g3 Kd7 30. Rhd1 f6 31. Bf4 Rf8 32. Be3 Bd8 33. f4 Bb6 34.
Rc3 Ke7 35. Kc2 Kf7 36. Rg1 Rfc8 37. Kd3 Bd8 38. Rxc6 bxc6 39. Rc1 Be7 40. Ke2
Rb8 41. Rc2 Kg6 42. Kf3 Kf5 43. exf6 gxf6 44. Bf2 Bd6 45. Nf1 Nc4 46. Ne3+ Nxe3
47. Bxe3 Rb6 48. Bf2 Bb8 49. Kg2 Ba7 50. Re2 Rb3 51. Rd2 Bb6 52. Kf1 e5 53. dxe5
fxe5 54. Bxb6 Rxb6 55. fxe5 Kxe5 56. Rc2 Ke4 57. Rc3 d4 58. Rc5 d3 59. Ke1 Kd4
60. Rxh5 Rxb2 61. Rg5 c5 62. h5 c4 63. h6 Rh2 64. Rg4+ Ke3 0-1

[Event "Moscow Open A 2015"]
[Site "Moscow RUS"]
[Date "2015.02.05"]
[Round "6.14"]
[White "Geller, Jakov"]
[Black "Sjugirov, Sanan"]
[Result "0-1"]
[WhiteTitle "GM"]
[BlackTitle "GM"]
[WhiteElo "2472"]
[BlackElo "2678"]
[WhiteFideId "4151984"]
[BlackFideId "4189302"]
[EventDate "2015.01.31"]

1. e4 c5 2. Nf3 d6 3. d4 cxd4 4. Nxd4 Nf6 5. Nc3 a6 6. a4 g6 7. Be2 Bg7 8. O-O
O-O 9. Be3 Nc6 10. Qd2 Nxd4 11. Bxd4 Be6 12. a5 Rc8 13. Rfd1 Qc7 14. Qe3 Nd7 15.
Rd2 Bxd4 16. Qxd4 Qc5 17. Qxc5 Rxc5 18. Nd5 Bxd5 19. exd5 Ne5 20. b3 Rc3 21. f4
Nd7 22. Re1 Rc5 23. Ra1 Rc3 24. Re1 Re8 25. Bc4 Rf8 26. Be2 Rc5 27. Ra1 Rc3 28.
Re1 Re8 29. Bc4 Kf8 30. Kf2 Rc8 31. Re3 Rxe3 32. Kxe3 Rc5 33. Rd1 Rxa5 34. Kd4
b5 35. Be2 b4 36. Kc4 Rc5+ 37. Kxb4 a5+ 38. Ka4 Nb6+ 39. Ka3 Nxd5 40. g3 Ne3 41.
Rc1 g5 42. fxg5 Rxg5 43. c3 Rc5 44. Bf3 Ke8 45. Ka4 Kd8 46. Rb1 Rxc3 47. Kxa5 d5
48. Kb5 d4 49. b4 Nc4 0-1

[Event "Moscow Open A 2015"]
[Site "Moscow RUS"]
[Date "2015.02.05"]
[Round "6.15"]
[White "Petrov, Nikita"]
[Black "Khismatullin, Denis"]
[Result "0-1"]
[WhiteTitle "IM"]
[BlackTitle "GM"]
[WhiteElo "2436"]
[BlackElo "2673"]
[WhiteFideId "4101286"]
[BlackFideId "4142578"]
[EventDate "2015.01.31"]

1. e4 c5 2. c3 Nf6 3. e5 Nd5 4. Nf3 e6 5. d4 cxd4 6. cxd4 b6 7. Bc4 Bb7 8. O-O
d6 9. Bg5 Be7 10. Bxd5 Bxd5 11. Bxe7 Qxe7 12. Nc3 Bb7 13. d5 O-O 14. Nb5 Qd7 15.
Nxd6 Bxd5 16. Nd4 Na6 17. Qg4 Nc5 18. Rad1 f5 19. Qg5 Bxa2 20. b4 Ne4 21. Nxe4
fxe4 22. Nc2 Qf7 23. Ne3 a5 24. bxa5 bxa5 25. Rd4 a4 26. Rxe4 a3 27. Rb4 Rfb8
28. Qh4 Qf8 29. Rxb8 Rxb8 30. Qd4 Bb1 31. Nc4 Qb4 32. Qa7 a2 33. Nd6 Rf8 34. Rc1
h6 35. Nc4 Rc8 36. Qa6 Rxc4 37. Qxe6+ Kh7 0-1

[Event "Moscow Open A 2015"]
[Site "Moscow RUS"]
[Date "2015.02.05"]
[Round "6.16"]
[White "Kokarev, Dmitry"]
[Black "Tabatabaei, M.amin"]
[Result "1-0"]
[WhiteTitle "GM"]
[BlackTitle "FM"]
[WhiteElo "2645"]
[BlackElo "2444"]
[WhiteFideId "4132181"]
[BlackFideId "12521213"]
[EventDate "2015.01.31"]

1. Nf3 c5 2. g3 Nc6 3. Bg2 g6 4. O-O Bg7 5. c4 e6 6. Nc3 Nge7 7. d3 O-O 8. Bg5
h6 9. Bd2 d5 10. a3 b6 11. Rb1 Bb7 12. Qc1 Kh7 13. b4 cxb4 14. axb4 dxc4 15.
dxc4 Rc8 16. Rd1 Qc7 17. Nb5 Qb8 18. c5 Ba6 19. Nd6 Bxe2 20. Nxc8 Rxc8 21. Re1
Bxf3 22. Bxf3 Nd4 23. Bg2 Qc7 24. Bf4 e5 25. Be3 Nef5 26. cxb6 axb6 27. Qxc7
Rxc7 28. Bd5 Rd7 29. Be4 Rc7 30. Bxf5 Nf3+ 31. Kh1 Nxe1 32. Be4 f5 33. Bxb6 Rc8
34. Rxe1 fxe4 35. Bc5 Re8 36. Rxe4 1-0

[Event "Moscow Open A 2015"]
[Site "Moscow RUS"]
[Date "2015.02.05"]
[Round "6.17"]
[White "Khairullin, Ildar"]
[Black "Chekhov, Sergei"]
[Result "1-0"]
[WhiteTitle "GM"]
[BlackTitle "IM"]
[WhiteElo "2629"]
[BlackElo "2470"]
[WhiteFideId "4151348"]
[BlackFideId "4195639"]
[EventDate "2015.01.31"]

1. e4 c5 2. Nf3 e6 3. d4 cxd4 4. Nxd4 a6 5. c4 Nf6 6. Nc3 Bb4 7. Qd3 Qc7 8. a3
Be7 9. Be2 Nc6 10. Be3 O-O 11. Rc1 Ne5 12. Qd1 d6 13. O-O Bd7 14. b3 Qa5 15. Qd2
Kh8 16. f3 Rac8 17. Rfd1 Rfe8 18. Bf1 h6 19. Kh1 Bf8 20. a4 Ng6 21. Nc2 Qc7 22.
Qf2 Qa5 23. Bd4 Qh5 24. Ne3 Qa5 25. Nc2 Qh5 26. Bb6 Bc6 27. b4 Bd7 28. b5 Ne5
29. Ne3 g5 30. bxa6 bxa6 31. c5 dxc5 32. Bxa6 Ra8 33. Bc7 Ng6 34. Bb5 Bxb5 35.
axb5 c4 36. Nxc4 g4 37. e5 Bc5 38. Qg3 gxf3 39. exf6 fxg2+ 40. Qxg2 Rg8 41. Qe2
Qh3 42. Rd3 Qh4 43. Qe4 Qh5 44. b6 Nh4 45. b7 Qg5 46. bxa8=Q Qxc1+ 47. Nd1 Nf5
48. Qxg8+ Kxg8 49. Qg4+ 1-0

[Event "Moscow Open A 2015"]
[Site "Moscow RUS"]
[Date "2015.02.05"]
[Round "6.18"]
[White "Ponkratov, Pavel"]
[Black "Konovalov, Nikolay"]
[Result "1/2-1/2"]
[WhiteTitle "GM"]
[BlackTitle "IM"]
[WhiteElo "2620"]
[BlackElo "2442"]
[WhiteFideId "4157800"]
[BlackFideId "4170962"]
[EventDate "2015.01.31"]

1. d4 Nf6 2. c4 c5 3. d5 b5 4. cxb5 a6 5. Nc3 axb5 6. e4 b4 7. Nb5 d6 8. a4 Nxe4
9. Bc4 Nf6 10. Qe2 Ra6 11. Bg5 h6 12. Bxf6 gxf6 13. Nf3 f5 14. O-O Bg7 15. Ra2
Kf8 16. b3 Ra8 17. Nh4 Bf6 18. Qh5 Bxh4 19. Qxh4 Ba6 20. Re1 Nd7 21. Nxd6 exd6
22. Qxd8+ Rxd8 23. Bxa6 Ra8 24. Bb5 Ne5 25. f4 Ng4 26. Bd7 Nf6 27. Bxf5 Kg7 28.
Kf2 Nxd5 29. Rd2 Nxf4 30. Re4 Ng6 31. Rxd6 Rhd8 32. Rxd8 Rxd8 33. Rc4 Ne5 34.
Rc2 c4 35. bxc4 b3 36. Rb2 Rb8 37. c5 Rb4 38. Ke2 Kf6 39. Bd3 Ke6 40. Bb5 Kd5
41. Kd2 Nc4+ 42. Kc3 Rxb5 43. axb5 Nxb2 44. Kxb2 1/2-1/2

[Event "Moscow Open A 2015"]
[Site "Moscow RUS"]
[Date "2015.02.05"]
[Round "6.19"]
[White "Fier, Alexandr"]
[Black "Sychev, Klementy"]
[Result "1-0"]
[WhiteTitle "GM"]
[BlackTitle "IM"]
[WhiteElo "2604"]
[BlackElo "2414"]
[WhiteFideId "2107139"]
[BlackFideId "4114060"]
[EventDate "2015.01.31"]

1. d4 Nf6 2. c4 g6 3. Nc3 d5 4. cxd5 Nxd5 5. e4 Nxc3 6. bxc3 Bg7 7. Nf3 c5 8.
Be3 Qa5 9. Qd2 Nc6 10. Rb1 a6 11. Rc1 cxd4 12. cxd4 Qxd2+ 13. Kxd2 e6 14. Bd3
O-O 15. Rc4 Rd8 16. Bg5 f6 17. Be3 Bd7 18. Rhc1 Be8 19. Ke2 Bf8 20. Bd2 Rd7 21.
R4c2 Rxd4 22. Bc3 Rd6 23. Rb1 Rad8 24. Rd2 e5 25. Bc4+ Bf7 26. Bxf7+ Kxf7 27.
Rxb7+ Be7 28. Rc2 R8d7 29. Rb3 Nd8 30. Bb2 Ne6 31. g3 g5 32. Nd2 Rd4 33. f3 h5
34. Nc4 g4 35. Ne3 gxf3+ 36. Kxf3 Rd2 37. Rbc3 R2d3 38. Ke2 R3d4 39. Rc4 Rxc4
40. Rxc4 a5 41. Nf5 Bb4 42. Rc2 Nf8 43. h4 Ne6 44. a4 Bf8 45. Ne3 Bb4 1-0

[Event "Moscow Open A 2015"]
[Site "Moscow RUS"]
[Date "2015.02.05"]
[Round "6.20"]
[White "Kazhgaleyev, Murtas"]
[Black "Usmanov, Vasily"]
[Result "1/2-1/2"]
[WhiteTitle "GM"]
[BlackTitle "IM"]
[WhiteElo "2573"]
[BlackElo "2414"]
[WhiteFideId "13700316"]
[BlackFideId "4135741"]
[EventDate "2015.01.31"]

1. d4 Nf6 2. c4 e6 3. Nc3 Bb4 4. e3 c5 5. Ne2 cxd4 6. exd4 Ne4 7. g3 Qa5 8. Qb3
Nc6 9. Bg2 Nxc3 10. bxc3 Be7 11. O-O O-O 12. d5 Ne5 13. Bf4 Nd3 14. Be3 Nc5 15.
Qb4 Qc7 16. Rfd1 d6 17. dxe6 Bxe6 18. Nf4 Rac8 19. Bd5 Bg4 20. Re1 Bg5 21. f3
Bxf4 22. Bxf4 Nd3 23. Qxd6 Nxf4 24. Qxf4 Qxf4 25. gxf4 Bf5 26. Re7 Bd3 27. Bxb7
Rc5 28. Be4 Bxe4 29. Rxe4 f5 30. Rd4 Rfc8 31. Re1 Rxc4 32. Rd7 Rxc3 33. Ree7 Kh8
34. Rxg7 Rg8 35. Rxg8+ Kxg8 36. Rxa7 Rxf3 37. Ra4 Kg7 38. Kg2 Rc3 39. Ra6 h6 40.
h4 Rc2+ 41. Kf3 Rc3+ 42. Kf2 Rh3 43. a4 Rxh4 44. Ke3 Rh1 45. a5 h5 46. Rc6 Ra1
47. a6 h4 48. Kf3 Ra2 49. Rd6 1/2-1/2

[Event "Moscow Open A 2015"]
[Site "Moscow RUS"]
[Date "2015.02.05"]
[Round "6.21"]
[White "Asgarizadeh, Ahmad"]
[Black "Timofeev, Artyom"]
[Result "1/2-1/2"]
[BlackTitle "GM"]
[WhiteElo "2424"]
[BlackElo "2568"]
[WhiteFideId "12505684"]
[BlackFideId "4140419"]
[EventDate "2015.01.31"]

1. e4 c5 2. Nf3 d6 3. d4 cxd4 4. Nxd4 Nf6 5. Nc3 g6 6. Be3 Bg7 7. f3 O-O 8. Qd2
Nc6 9. O-O-O d5 10. Kb1 Rb8 11. Ndb5 a6 12. Na7 e6 13. Qf2 Re8 14. Bb6 Qe7 15.
Bc5 Qc7 16. Bb6 Qe7 17. Bc5 Qc7 18. Bb6 Qe7 19. Bc5 1/2-1/2

[Event "Moscow Open A 2015"]
[Site "Moscow RUS"]
[Date "2015.02.05"]
[Round "6.22"]
[White "Grigoriants, Sergey"]
[Black "Kozionov, Kirill"]
[Result "1/2-1/2"]
[WhiteTitle "GM"]
[BlackTitle "IM"]
[WhiteElo "2567"]
[BlackElo "2391"]
[WhiteFideId "4130804"]
[BlackFideId "24101729"]
[EventDate "2015.01.31"]

1. c4 e6 2. Nf3 d5 3. d4 a6 4. cxd5 exd5 5. Nc3 c6 6. Qc2 Bd6 7. Bg5 Ne7 8. e3
f6 9. Bh4 Bf5 10. Bd3 Bxd3 11. Qxd3 O-O 12. Bg3 f5 13. O-O-O Ng6 14. Bxd6 Qxd6
15. h4 Rf6 16. h5 Ne7 17. Ne2 Nd7 18. Kb1 Rh6 19. Nf4 Nf6 20. Qc2 Ng4 21. Nd3
Nf6 22. Nf4 Ng4 23. Nd3 Nf6 24. Nf4 Ng4 1/2-1/2

[Event "Moscow Open A 2015"]
[Site "Moscow RUS"]
[Date "2015.02.05"]
[Round "6.23"]
[White "Rozum, Ivan"]
[Black "Baghdasaryan, Vahe"]
[Result "1/2-1/2"]
[WhiteTitle "GM"]
[BlackTitle "IM"]
[WhiteElo "2554"]
[BlackElo "2372"]
[WhiteFideId "24104272"]
[BlackFideId "13303139"]
[EventDate "2015.01.31"]

1. d4 d5 2. c4 c6 3. Nf3 Nf6 4. g3 dxc4 5. Bg2 Nbd7 6. a4 a5 7. Na3 Nb6 8. O-O
g6 9. Ne5 Be6 10. e4 Bg7 11. Be3 Nfd7 12. Nxd7 Bxd7 13. Qe2 Nxa4 14. Nxc4 b5 15.
Ne5 Bxe5 16. dxe5 Be6 17. Qc2 Qc7 18. f4 Nb6 19. f5 Bc4 20. Rf2 a4 21. Bh3 gxf5
22. Bxf5 e6 23. Bg4 h5 24. Bh3 Nd7 25. Qc3 h4 26. g4 Qa5 27. b4 Qc7 28. Bf1 Rg8
29. Bxc4 Rxg4+ 30. Kh1 bxc4 31. Bd4 c5 32. Qf3 Rg7 33. bxc5 Qc6 34. Re2 O-O-O
35. Qa3 Nb8 36. Qe3 Qa6 37. Rea2 Qb7 38. Rxa4 Rg4 39. Re1 Nc6 40. Rxc4 Qb5 41.
Qc3 h3 42. Bg1 Nxe5 43. Rd4 Rxd4 44. Qxd4 Nf3 45. Qh8+ Kc7 46. Qxh3 Rxg1+ 47.
Rxg1 Nxg1 48. Qg3+ Kc6 49. Qd6+ Kb7 50. Kxg1 Qb1+ 51. Kf2 Qxe4 52. Qd7+ Kb8 53.
Qe8+ Kc7 54. Qxf7+ Kc6 55. Qf3 Qxf3+ 56. Kxf3 Kxc5 57. h4 Kd6 58. Ke4 Ke7 59.
Ke5 1/2-1/2

[Event "Moscow Open A 2015"]
[Site "Moscow RUS"]
[Date "2015.02.05"]
[Round "6.25"]
[White "Atabayev, Yusup"]
[Black "Eliseev, Urii"]
[Result "0-1"]
[WhiteTitle "IM"]
[BlackTitle "GM"]
[WhiteElo "2415"]
[BlackElo "2518"]
[WhiteFideId "14001128"]
[BlackFideId "24131920"]
[EventDate "2015.01.31"]

1. e4 c5 2. Nf3 d6 3. d4 Nf6 4. Nc3 cxd4 5. Nxd4 Nc6 6. Bg5 e6 7. Qd2 a6 8.
O-O-O Bd7 9. Bxf6 Qxf6 10. Nb3 Qd8 11. f4 Be7 12. h4 b5 13. Nd4 Qb6 14. Nce2 O-O
15. g4 Rfc8 16. g5 Na5 17. Ng3 Nc4 18. Qe2 Qa5 19. Kb1 Nxb2 20. Kxb2 Qc3+ 21.
Kb1 Qxg3 22. Qf3 Qxf3 23. Nxf3 Rc3 24. Nd4 Rac8 25. Bd3 g6 26. f5 e5 27. Ne2 Ra3
28. Kb2 b4 29. Rh2 Rc7 30. Nc1 gxf5 31. exf5 d5 32. f6 Bc5 33. Nb3 Be3 34. Rg2
Bf4 35. Be2 d4 36. Bf3 a5 37. Bd5 a4 38. g6 hxg6 39. Rxg6+ Kh8 40. Bxf7 Bf5 41.
Rg8+ Kh7 42. Rg7+ Kh6 43. Na1 Rac3 44. Rdg1 a3+ 45. Kb1 d3 46. Be8 dxc2+ 47.
Nxc2 Rxc2 0-1

[Event "Moscow Open A 2015"]
[Site "Moscow RUS"]
[Date "2015.02.05"]
[Round "6.26"]
[White "Esipenko, Andrey"]
[Black "Atabayev, Maksat"]
[Result "1/2-1/2"]
[WhiteTitle "FM"]
[BlackTitle "IM"]
[WhiteElo "2271"]
[BlackElo "2496"]
[WhiteFideId "24175439"]
[BlackFideId "14001101"]
[EventDate "2015.01.31"]

1. d4 Nf6 2. c4 e6 3. Nf3 c5 4. d5 exd5 5. cxd5 d6 6. Nc3 g6 7. Nd2 a6 8. a4
Nbd7 9. e4 Bg7 10. Be2 O-O 11. O-O Re8 12. f4 Rb8 13. Kh1 Qc7 14. Qc2 b6 15. Nc4
b5 16. axb5 axb5 17. Na5 b4 18. Nb5 Qb6 19. Nc4 Qxb5 20. Nxd6 Qb6 21. Nxe8 Nxe8
22. e5 Nc7 23. Rd1 Nb5 24. Be3 Nd4 25. Bxd4 cxd4 26. Qc4 d3 27. Qxd3 Nc5 28. Qe3
Bf5 29. d6 Bh6 30. Bf3 Be6 31. Bd5 Bg4 32. Rdc1 Nd7 33. Qg3 Bf5 34. Qh4 Bf8 35.
Qg3 Qd4 36. Qf3 Bh6 37. Rf1 Bxf4 38. Rad1 Qxb2 39. Qxf4 Qxe5 40. Qf3 Nf6 41.
Rfe1 Qc3 42. Re3 Qb2 43. h3 Rf8 44. Rb3 Qe5 45. Re3 Qb2 46. Bc6 Rd8 47. d7 Kg7
48. Re8 Rxd7 49. Bxd7 Bxd7 50. Re7 Be6 51. Qe3 Bd5 52. Qd2 Qa3 53. Re3 Qa8 54.
Re2 Qc8 55. Qe3 b3 56. Rf2 b2 57. Rxb2 Qc6 58. Qd4 Qc4 59. Qxc4 Bxc4 60. Rd4 Be6
61. Kh2 h5 62. Rb5 Ng8 63. g4 hxg4 64. hxg4 Nh6 65. Kg3 Ng8 66. Rb6 Nf6 67. Rc6
Nd5 68. Rc5 Nf6 69. Ra5 Ng8 70. Rd6 Nf6 71. Ra4 Bb3 72. Rf4 Be6 73. Rfd4 Bb3 74.
Kf3 Be6 75. g5 Nh7 76. Kf4 Nf8 77. Ke5 Bf5 78. Rd1 Ne6 79. Rg1 Bh3 80. Rd3 Bf5
81. Rf3 Nf8 82. Kd6 Ne6 83. Rf2 Nd4 84. Ke5 Ne6 85. Rg3 Nc5 86. Rxf5 gxf5 87.
Kxf5 Nd7 88. Rd3 Nf8 89. Rd6 Nh7 90. Rd7 Nf8 91. Ra7 Ng6 92. Ra6 Nf8 93. Rd6 Nh7
94. g6 Nf8 95. gxf7 Kxf7 96. Ra6 Ke7 97. Ke5 Nd7+ 98. Kd4 Nf6 99. Ra1 Kd6 1/2-1/2

[Event "Moscow Open A 2015"]
[Site "Moscow RUS"]
[Date "2015.02.05"]
[Round "6.27"]
[White "Goganov, Aleksey"]
[Black "Sattarov, Bobir"]
[Result "1-0"]
[WhiteTitle "GM"]
[WhiteElo "2615"]
[BlackElo "2243"]
[WhiteFideId "24109959"]
[BlackFideId "14203081"]
[EventDate "2015.01.31"]

1. d4 Nf6 2. c4 g6 3. Nc3 Bg7 4. e4 d6 5. Nf3 O-O 6. Be2 c5 7. O-O cxd4 8. Nxd4
Nc6 9. Be3 Bd7 10. Qd2 Nxd4 11. Bxd4 Bc6 12. f3 Nd7 13. Be3 a5 14. b3 Nc5 15.
Rab1 Qb6 16. Rfc1 Rfc8 17. Rc2 Qb4 18. Qc1 Qb6 19. Kh1 Qd8 20. Qd2 Qf8 21. Nd5
Bxd5 22. exd5 f5 23. Bf1 Be5 24. a3 a4 25. b4 Nb3 26. Qf2 Qf6 27. f4 Bd4 28. Rd1
Bxe3 29. Qxe3 Rc7 30. c5 Rac8 31. c6 bxc6 32. Qb6 c5 33. Ba6 cxb4 34. Rxc7 Rxc7
35. Qxc7 bxa3 36. Qc2 Qb2 37. Qc8+ Kg7 38. Re1 Qf6 39. Qc2 Qb2 40. Qe2 Qxe2 41.
Rxe2 Nc1 42. Rc2 1-0

[Event "Moscow Open A 2015"]
[Site "Moscow RUS"]
[Date "2015.02.05"]
[Round "6.28"]
[White "Lugovskoy, Maxim"]
[Black "Demchenko, Anton"]
[Result "1/2-1/2"]
[WhiteTitle "IM"]
[BlackTitle "GM"]
[WhiteElo "2401"]
[BlackElo "2611"]
[WhiteFideId "24126454"]
[BlackFideId "4160258"]
[EventDate "2015.01.31"]

1. e4 d6 2. d4 Nf6 3. Nc3 e5 4. Nf3 Nbd7 5. Bc4 Be7 6. O-O O-O 7. Re1 a6 8. a4
b6 9. h3 Bb7 10. Bd3 c6 11. Ne2 Re8 12. Ng3 Bf8 13. b3 Qc7 14. Bb2 g6 15. Qd2
Bg7 16. Rad1 Rad8 17. Qc1 Nf8 18. dxe5 dxe5 19. Bc4 Rxd1 20. Rxd1 b5 21. axb5
cxb5 22. Bd5 Nxd5 23. exd5 Nd7 24. c4 bxc4 25. Qxc4 Qxc4 26. bxc4 Rc8 27. Nd2 f5
28. Rb1 Ba8 29. Ra1 Nc5 30. Ngf1 Nd3 31. Bc3 Bxd5 32. cxd5 Rxc3 33. Rxa6 Rc8 34.
d6 Bf8 35. Ne3 Nc5 36. Rb6 Kf7 37. Nf3 Nd7 38. Ng5+ Ke8 39. Ra6 h6 40. Nf3 Kf7
41. Ra7 Rc1+ 42. Kh2 Ke6 43. Rc7 Ra1 44. Nc4 Ra6 45. Rxd7 Kxd7 46. Nfxe5+ Ke6
47. Nxg6 Bxd6+ 48. Nxd6 Rxd6 49. g3 Kd5 50. Nf4+ Ke4 51. Kg2 Rd2 52. Nh5 Ra2 53.
Nf4 Ra3 54. Nh5 Ke5 1/2-1/2

[Event "Moscow Open A 2015"]
[Site "Moscow RUS"]
[Date "2015.02.05"]
[Round "6.29"]
[White "Meribanov, Vitaly"]
[Black "Savchenko, Boris"]
[Result "0-1"]
[WhiteTitle "IM"]
[BlackTitle "GM"]
[WhiteElo "2390"]
[BlackElo "2599"]
[WhiteFideId "13504363"]
[BlackFideId "4147332"]
[EventDate "2015.01.31"]

1. e4 e6 2. d4 d5 3. Nd2 c5 4. Ngf3 Nf6 5. exd5 exd5 6. Bb5+ Bd7 7. Bxd7+ Nbxd7
8. O-O Be7 9. dxc5 Nxc5 10. Nb3 Nce4 11. Nfd4 Nd6 12. c3 Rc8 13. Bf4 O-O 14. Nc1
Nfe4 15. Nd3 Nc4 16. Qg4 Bf6 17. Nf5 g6 18. Bh6 Re8 19. Rad1 Qb6 20. Ne3 Rcd8
21. Nxc4 dxc4 22. Be3 Qb5 23. Nb4 a5 24. a4 Qxa4 25. Nd5 Qc6 26. Nxf6+ Nxf6 27.
Qg5 Nd5 28. Bd4 f6 29. Qh4 g5 30. Qg4 Nf4 31. f3 Rd5 32. Kh1 h5 33. Qg3 Re2 34.
Rg1 h4 35. Qg4 Qe6 36. Qxe6+ Nxe6 37. Bxf6 Rxd1 38. Rxd1 Kf7 39. Bh8 Rxb2 40. h3
a4 41. Rd7+ Kg8 0-1

[Event "Moscow Open A 2015"]
[Site "Moscow RUS"]
[Date "2015.02.05"]
[Round "6.30"]
[White "Shimanov, Aleksandr"]
[Black "Ozolin, Maxim"]
[Result "1-0"]
[WhiteTitle "GM"]
[BlackTitle "IM"]
[WhiteElo "2591"]
[BlackElo "2394"]
[WhiteFideId "4198603"]
[BlackFideId "4133340"]
[EventDate "2015.01.31"]

1. e4 c5 2. Nc3 Nc6 3. Bb5 Nd4 4. Nf3 e6 5. O-O a6 6. Bd3 Ne7 7. Nxd4 cxd4 8.
Ne2 Nc6 9. c3 Bc5 10. b4 Ba7 11. Bb2 d5 12. exd5 Qxd5 13. Qc2 Qd6 14. a3 h5 15.
c4 O-O 16. c5 Qd8 17. Be4 e5 18. f4 Bg4 19. d3 exf4 20. Nxf4 Bb8 21. Qf2 Be5 22.
h3 Be6 23. Rae1 Bxf4 24. Qxf4 Bd5 25. Qf5 Bxe4 26. Rxe4 g6 27. Qf4 f5 28. Re6
Rf6 29. Rfe1 Kf7 30. R6e2 Qb8 31. Qh4 Qd8 32. Qf4 Qb8 33. Qg5 Qd8 34. Bc1 Qd7
35. Qh6 Rg8 36. Bg5 Qd5 37. Qh7+ Rg7 38. Qh8 f4 39. Qe8# 1-0

[Event "Moscow Open A 2015"]
[Site "Moscow RUS"]
[Date "2015.02.05"]
[Round "6.31"]
[White "Kryakvin, Dmitry"]
[Black "Sorokin, Aleksey"]
[Result "1-0"]
[WhiteTitle "GM"]
[BlackTitle "FM"]
[WhiteElo "2548"]
[BlackElo "2379"]
[WhiteFideId "4153278"]
[BlackFideId "24176460"]
[EventDate "2015.01.31"]

1. d4 d5 2. c4 c6 3. Nf3 Nf6 4. Nc3 e6 5. Bg5 Nbd7 6. cxd5 exd5 7. e3 Be7 8. Qc2
Nh5 9. Bxe7 Qxe7 10. O-O-O Ndf6 11. Bd3 g6 12. h3 Ng7 13. g4 Be6 14. Kb1 O-O-O
15. Nd2 h5 16. f3 Kb8 17. Nb3 Bc8 18. Qf2 Rde8 19. Rhe1 hxg4 20. hxg4 Qc7 21.
Rd2 Rh3 22. Bf1 Rh1 23. Rc2 Reh8 24. Nb5 Qh2 25. Qxh2+ R8xh2 26. Rxh2 Rxh2 27.
Nd6 Rf2 28. Be2 Be6 29. Nc5 b6 30. Nd3 Rxe2 31. Rxe2 Kc7 32. e4 dxe4 33. Nxe4
Nxe4 34. fxe4 Kd6 35. Rf2 c5 36. d5 1-0

[Event "Moscow Open A 2015"]
[Site "Moscow RUS"]
[Date "2015.02.05"]
[Round "6.32"]
[White "Triapishko, Olexandr"]
[Black "Megaranto, Susanto"]
[Result "0-1"]
[BlackTitle "GM"]
[WhiteElo "2379"]
[BlackElo "2548"]
[WhiteFideId "14122286"]
[BlackFideId "7101384"]
[EventDate "2015.01.31"]

1. b3 d5 2. Bb2 c6 3. e3 Nf6 4. Nf3 Bf5 5. h3 h6 6. c4 e6 7. Nc3 Nbd7 8. Be2 Bd6
9. O-O O-O 10. d4 Ne4 11. Nxe4 Bxe4 12. Nd2 Bh7 13. Re1 f5 14. a4 Rf7 15. c5 Bc7
16. b4 g5 17. b5 Rg7 18. a5 g4 19. b6 Bb8 20. hxg4 a6 21. f4 Qh4 22. Nf3 Qg3 23.
Qd2 Nf6 24. Bd3 fxg4 25. Bxh7+ Nxh7 26. Ne5 Bxe5 27. dxe5 Qh4 28. f5 g3 29. Kf1
Qh1+ 30. Ke2 Qxg2+ 31. Kd1 Qf3+ 32. Kc1 g2 33. Rg1 Qxf5 34. Qe2 Rf8 35. Bc3 h5
36. Ra2 Qf1+ 37. Qe1 Qxg1 0-1